Knitted toys
| Main Author: | |
|---|---|
| Format: | Book |
| Published: |
Istanbul :
Tuva Publishing ,
2016
|
| Subjects: |
MARC
| LEADER | 00000cam a2200000 7i4500 | ||
|---|---|---|---|
| 001 | 0000215519 | ||
| 005 | 20171120.0 | ||
| 020 | |a 9786059192156 | ||
| 090 | 0 | 0 | |a 746.432 |b KOR |
| 100 | 1 | |a Korobkova, Tatyana | |
| 245 | 1 | 0 | |a Knitted toys |c Tatyana Korobkova |
| 260 | |a Istanbul : |b Tuva Publishing , |c 2016 | ||
| 300 | |a 144p. ; |c 22cm. | ||
| 650 | 0 | 0 | |a Knitting |x Patterns |
| 650 | 0 | 0 | |a Soft toy making |
| 999 | |a 00346147 |b BUKU |c PINJAMAN |e PERPUSTAKAAN KOMUNITI PETALING JAYA | ||